| 000 | 00570nam a22001577a 4500 | ||
|---|---|---|---|
| 005 | 20120504140740.0 | ||
| 020 |
_a019564770X _c150.00 |
||
| 035 | _aA-948852 | ||
| 037 |
_aDPL _bENG |
||
| 100 |
_aBardhan, Pranab _946421 |
||
| 245 |
_aThe political economy of development in India / _cby Pranab Bardhan |
||
| 260 |
_aDelhi _bOxford University Press _c1998 |
||
| 300 |
_avii, 153p. _c20 cms. |
||
| 942 |
_2ddc _cEN _h330.954 _mBAR |
||
| 999 |
_c66169 _d66169 |
||